Doctor Who Companions - Statistics

General Stats
  • This quiz has been taken 69 times
  • The average score is 32 of 44
Answer Stats
Doctor (Season/ Series) Companion % Correct
9, 10 (Series 1, 2, 4) Rose Tyler
100%
11 (Series 5, 6, 7) Amy Pond
98%
11, 12 (Series 7, 8, 9) Clara Oswald
98%
10, 14 (Series 4, 60th Specials) Donna Noble
98%
12 (Series 10) Bill Potts
96%
11 (Series 5, 6, 7) Rory Williams
96%
10 (Series 3, 4) Martha Jones
95%
9, 10 (Series 1, 3, 4) Jack Harkness
89%
3, 4 (Season 11, 12, 13, 14, Series 4) Sarah Jane Smith
89%
13 (Series 11, 12) Graham O'Brien
85%
9, 10 (Series 1, 2, 4) Mickey Smith
84%
10, 11, 12 (Series 4, 5, 6, 7, 9) River Song
82%
15 (Season 1, 2) Ruby Sunday
82%
13 (Series 11, 12, 13) Yasmin Khan
80%
3 (Season 8, 9, 10) Jo Grant
78%
1 (Season 1) Susan Foreman
76%
7 (Season 24, 25, 26) Ace / Dorothy Gale
73%
4, 5 (Season 18, 19, 20, 21) Tegan Jovanka
71%
1 (Season 1, 2) Barabara Wright
69%
1 (Season 1, 2) Ian Chesterton
69%
2 (Season 4, 5, 6) Jamie McCrimmon
69%
4 (Season 15) K-9
69%
6, 7 (Season 23, 24) Melanie Bush
69%
4, 5 (Season 18, 19 Adric
67%
1 (Season 3, 4) Ben Jackson
67%
2, 3, 4, 5, 7 (Various Seasons) Alistair Gordon Lethbridge-Stewart
65%
8 (Doctor Who Film) Grace Holloway
65%
5, 6 (Season 21, 22, 23) Peri Brown
65%
1 (Season 3, 4) Polly
65%
4 (Season 16, 17, 18) Romana
65%
13 (Series 11, 12) Ryan Sinclair
65%
4 (Season 12, 13) Harry Sullivan
64%
4 (Season 14, 15) Leela
62%
1 (Season 3) Dodo Chaplet
60%
3 (Season 7) Liz Shaw
60%
4, 5 (Season 18, 19, 20 Nyssa
60%
2 (Season 4, 5) Victoria Waterfield
60%
1 (Season 2, 3) Vicki
56%
1 (Season 2, 3) Steven Taylor
55%
2 (Season 5, 6) Zoe Herriot
55%
5 (Season 20, 21) Vislor Turlough
53%
13 (Series 13) Dan Lewis
51%
1 (Season 3) Katarina
45%
15 (Season 2) Belinda Chandra
38%
No matching quizzes found
Score Distribution
Percent of People with Each Score
Percentile by Number Answered
Your Score History
You have not taken this quiz